Cirugía de la parálisis / (Record no. 30598)

MARC details
000 -LEADER
campo de control de longitud fija 00654nam a2200217 i 4500
001 - NÚMERO DE CONTROL
campo de control 30598
003 - IDENTIFICADOR DE NÚMERO DE CONTROL
campo de control ES-MaACL
005 - FECHA Y HORA DE LA ÚLTIMA TRANSACCIÓN
campo de control 20230906154224.0
007 - CAMPO FIJO DE DESCRIPCIÓN FÍSICA--INFORMACIÓN GENERAL
campo de control de longitud fija t|
008 - DATOS DE LONGITUD FIJA--INFORMACIÓN GENERAL
campo de control de longitud fija 030127m19651970sp |||| | spa d
100 1# - ENTRADA PRINCIPAL--NOMBRE DE PERSONA
Nombre de persona Bastos Mora, Felipe.
9 (RLIN) 26383
245 10 - MENCIÓN DEL TÍTULO
Título Cirugía de la parálisis /
Mención de responsabilidad, etc. por F. Bastos Mora, Juan González Aguilar, Julio Arranz Bayod.
250 ## - MENCION DE EDICION
Mención de edición 1ª ed.
260 ## - PUBLICACIÓN, DISTRIBUCIÓN, ETC.
Lugar de publicación, distribución, etc. Barcelona :
Nombre del editor, distribuidor, etc. Jims,
Fecha de publicación, distribución, etc. [1965-70]
300 ## - DESCRIPCIÓN FÍSICA
Extensión 2 v. :
Otras características físicas il. ;
Dimensiones 26 cm.
505 8# - NOTA DE CONTENIDO CON FORMATO
Nota de contenido con formato Contiene: v. 1-2
650 #4 - PUNTO DE ACCESO ADICIONAL DE MATERIA--TÉRMINO DE MATERIA
Término de materia o nombre geográfico como elemento de entrada Parálisis.
9 (RLIN) 148549
700 1# - ENTRADA AGREGADA--NOMBRE PERSONAL
Nombre de persona González Aguilar, Juan.
9 (RLIN) 58399
700 1# - ENTRADA AGREGADA--NOMBRE PERSONAL
Nombre de persona Arranz Bayod, Julio.
9 (RLIN) 23221
852 ## - LOCALIZACIÓN
Ubicación ES-MaACL
Número de control de estantería P-479-Ter
Holdings
Estatus retirado Estado de pérdida Estado de daño No para préstamo Biblioteca de origen Biblioteca actual Ubicación en estantería Fecha de adquisición Fuente de adquisición Total de préstamos Signatura topográfica completa Código de barras Visto por última vez Precio de reemplazo Tipo de ítem Koha
        Biblioteca del Ateneo de Madrid Biblioteca del Ateneo de Madrid Depósito 2 17/01/2008     P-479-Ter 1031596 23/02/2023 23/02/2023 Libro impreso